ბათუმის შოთა რუსთაველის სახელმწიფო უნივერსიტეტის ბიბლიოთეკა

ზოგადი მიწათმოქმედება ნიადაგმცოდნეობით (ბიბ.ჩანაწერი № 44603)

000 -LEADER
fixed length control field 00750nam a2200217Ia 4500
001 - CONTROL NUMBER
control field 11406
003 - CONTROL NUMBER IDENTIFIER
control field GE_BSU
008 - FIXED-LENGTH DATA ELEMENTS--GENERAL INFORMATION
fixed length control field 181216s||||||||xx |||||||||||||| ||und||
040 ## - CATALOGING SOURCE
Transcribing agency GE_BSU
080 ## - UNIVERSAL DECIMAL CLASSIFICATION NUMBER
Universal Decimal Classification number 631.5/9(075.32)
100 ## - MAIN ENTRY--PERSONAL NAME
Personal name საბაშვილი მ.
245 ## - TITLE STATEMENT
Title ზოგადი მიწათმოქმედება ნიადაგმცოდნეობით
245 ## - TITLE STATEMENT
Statement of responsibility, etc. რედ: ვ. კობიაშვილი
260 ## - PUBLICATION, DISTRIBUTION, ETC.
Place of publication, distribution, etc. თბილისი.
260 ## - PUBLICATION, DISTRIBUTION, ETC.
Name of publisher, distributor, etc. განათლება.
260 ## - PUBLICATION, DISTRIBUTION, ETC.
Date of publication, distribution, etc. 1966
300 ## - PHYSICAL DESCRIPTION
Extent 376გვ.21სმ.
300 ## - PHYSICAL DESCRIPTION
Accompanying material ილ.
653 ## - INDEX TERM--UNCONTROLLED
Uncontrolled term ზოგადი მიწათმოქმედება ნიადაგმცოდნეობით
942 ## - ADDED ENTRY ELEMENTS (KOHA)
Koha item type წიგნი
ეგზემპლარები
Withdrawn status Lost status Damaged status Not for loan Date acquired Barcode Date last seen Price effective from Koha item type
        2018-12-17 19868 2018-12-17 2018-12-17 წიგნი
        2018-12-17 19869 2018-12-17 2018-12-17 წიგნი
        2018-12-17 19870 2018-12-17 2018-12-17 წიგნი
        2018-12-17 19871 2018-12-17 2018-12-17 წიგნი
        2018-12-17 19872 2018-12-17 2018-12-17 წიგნი
        2018-12-17 19873 2018-12-17 2018-12-17 წიგნი
        2018-12-17 19874 2018-12-17 2018-12-17 წიგნი
        2018-12-17 19875 2018-12-17 2018-12-17 წიგნი
        2018-12-17 19876 2018-12-17 2018-12-17 წიგნი
        2018-12-17 19877 2018-12-17 2018-12-17 წიგნი
        2018-12-17 19878 2018-12-17 2018-12-17 წიგნი
        2018-12-17 19879 2018-12-17 2018-12-17 წიგნი
        2018-12-17 19880 2018-12-17 2018-12-17 წიგნი
        2018-12-17 19881 2018-12-17 2018-12-17 წიგნი
        2018-12-17 19882 2018-12-17 2018-12-17 წიგნი